Modern African banking cases (Record no. 51403)

MARC details
000 -LEADER
fixed length control field 00726nam a2200217 a 4500
008 - FIXED-LENGTH DATA ELEMENTS--GENERAL INFORMATION
fixed length control field 120416s1973 ||||||||||||||||| || u
020 ## - INTERNATIONAL STANDARD BOOK NUMBER
International Standard Book Number 0903826070
050 ## - LIBRARY OF CONGRESS CALL NUMBER
Classification number K 111.C6 Mil
100 ## - MAIN ENTRY--PERSONAL NAME
Personal name Abrahams, Susan
245 10 - TITLE STATEMENT
Title Modern African banking cases
260 ## - PUBLICATION, DISTRIBUTION, ETC.
Place of publication, distribution, etc. Oxford (Trinity College, Oxford) :
Name of publisher, distributor, etc. The African Law Reports
Date of publication, distribution, etc. 1973
300 ## - PHYSICAL DESCRIPTION
Extent xx, 440p.
350 ## - PRICE (NR) (BK AM CF MU VM SE) [OBSOLETE]
Price 0.00
490 ## - SERIES STATEMENT
Series statement African legal casebooks
490 ## - SERIES STATEMENT
Volume/sequential designation 2
500 ## - GENERAL NOTE
General note Includes index.
650 ## - SUBJECT ADDED ENTRY--TOPICAL TERM
Topical term or geographic name entry element BANKING
650 ## - SUBJECT ADDED ENTRY--TOPICAL TERM
Topical term or geographic name entry element BANKING LAW--AFRICA--CASE STUDIES
700 ## - ADDED ENTRY--PERSONAL NAME
Personal name Milner, Alan
995 ## - RECOMMENDATION 995 [LOCAL, UNIMARC FRANCE]
-- 0.00
-- CBU-MAIN LIBRARY (Kitwe)
-- 1
-- 3.00
-- 1
-- AVAILABLE
-- Annex Low-Usage Collection
Holdings
Withdrawn status Lost status Source of classification or shelving scheme Damaged status Not for loan Home library Current library Shelving location Date acquired Total Checkouts Full call number Barcode Date last seen Price effective from Koha item type
          CBU-MAIN LIBRARY, KITWE. CBU-MAIN LIBRARY, KITWE.   11/30/2022   K 111.C6 Mil 021062 11/30/2022 11/30/2022 MONOGRAPH